[Event "VII Obert Internacional Alberic"]
[Site "Alberic, Spain"]
[Date "2019.06.29"]
[Round "2.1"]
[White "Pedros Viudes, Santiago"]
[Black "Cruz Lledo, Pablo"]
[Result "0-1"]
[WhiteElo "2047"]
[BlackElo "2442"]
[PlyCount "54"]
[EventDate "2019.??.??"]

1. d4 {[%clk 00:07:03]  [%emt 00:00:33]} 1... g6 {[%clk 00:07:02]} 2. Nf3 {
[%clk 00:07:03]} 2... Bg7 {[%clk 00:07:04]} 3. Bf4 {[%clk 00:07:02]} 3... d6 {
[%clk 00:07:02]} 4. e3 {[%clk 00:07:00]} 4... Nf6 {
[%clk 00:07:02]  [%emt 00:00:07]} 5. Be2 {[%clk 00:06:56]  [%emt 00:00:07]}
5... O-O {[%clk 00:07:02]} 6. O-O {[%clk 00:06:57]} 6... Nfd7 {
[%clk 00:06:49]  [%emt 00:00:10]} 7. h3 {[%clk 00:06:25]  [%emt 00:01:12]} 7...
e5 {[%clk 00:06:49]} 8. Bh2 {[%clk 00:06:26]} 8... Nc6 {[%clk 00:06:50]} 9. c4
{[%clk 00:06:14]} 9... e4 {[%clk 00:06:45]} 10. Nfd2 {
[%clk 00:06:09]  [%emt 00:00:03]} 10... f5 {[%clk 00:06:47]  [%emt 00:00:04]}
11. Nc3 {[%clk 00:06:03]  [%emt 00:00:05]} 11... Nf6 {
[%clk 00:06:28]  [%emt 00:00:21]} 12. Qb1 {[%clk 00:05:22]  [%emt 00:00:43]}
12... a5 {[%clk 00:06:27]  [%emt 00:00:07]} 13. Nb5 {[%clk 00:05:23]} 13... Bd7
{[%clk 00:06:05]  [%emt 00:00:28]} 14. c5 {[%clk 00:05:18]  [%emt 00:00:07]}
14... Nb4 {[%clk 00:05:23]  [%emt 00:00:42]} 15. cxd6 {
[%clk 00:04:44]  [%emt 00:00:44]} 15... Bxb5 {[%clk 00:05:25]  [%emt 00:00:03]}
16. dxc7 {[%clk 00:04:44]} 16... Qd7 {[%clk 00:05:23]  [%emt 00:00:07]} 17.
Bxb5 {[%clk 00:04:25]  [%emt 00:00:15]} 17... Qxb5 {
[%clk 00:05:23]  [%emt 00:00:33]} 18. Rc1 {[%clk 00:04:18]} 18... Nd3 {
[%clk 00:05:16]  [%emt 00:00:07]} 19. Rc2 {[%clk 00:03:29]  [%emt 00:00:34]}
19... f4 {[%clk 00:04:02]  [%emt 00:01:20]} 20. Nc4 {
[%clk 00:03:16]  [%emt 00:00:14]} 20... Nd5 {[%clk 00:03:25]  [%emt 00:00:40]}
21. Nd6 {[%clk 00:03:02]  [%emt 00:00:16]} 21... Qd7 {
[%clk 00:03:26]  [%emt 00:00:40]} 22. Nxb7 {[%clk 00:01:29]  [%emt 00:00:58]}
22... fxe3 {[%clk 00:03:12]  [%emt 00:00:19]} 23. fxe3 {
[%clk 00:00:56]  [%emt 00:00:38]} 23... Nxe3 {[%clk 00:03:09]  [%emt 00:00:06]}
24. Nd6 {[%clk 00:00:33]  [%emt 00:00:42]} 24... Nxc2 {
[%clk 00:02:42]  [%emt 00:00:11]} 25. Qxc2 {[%clk 00:00:35]  [%emt 00:00:16]}
25... Bxd4+ {[%clk 00:02:43]} 26. Kh1 {[%clk 00:00:32]  [%emt 00:00:18]} 26...
Nf2+ {[%clk 00:02:43]} 27. Kg1 {[%clk 00:00:34]} 27... Nd1+ {[%clk 00:02:35]}
0-1

[Event "VII Obert Internacional Alberic"]
[Site "Alberic, Spain"]
[Date "2019.06.29"]
[Round "2.2"]
[White "Plaskett, H James"]
[Black "Marin Corresa, Arturo"]
[Result "1-0"]
[WhiteElo "2417"]
[BlackElo "2050"]
[PlyCount "103"]
[EventDate "2019.??.??"]

1. e4 c5 {[%emt 00:00:10]} 2. Nc3 {[%clk 00:06:58]} 2... Nc6 {[%clk 00:07:05]}
3. Bb5 {[%clk 00:06:58]  [%emt 00:00:09]} 3... g6 {
[%clk 00:06:51]  [%emt 00:00:14]} 4. Bxc6 {[%clk 00:06:59]} 4... dxc6 {
[%clk 00:06:53]  [%emt 00:00:04]} 5. d3 {[%clk 00:07:00]} 5... Bg7 {
[%clk 00:06:55]  [%emt 00:00:05]} 6. Be3 {[%clk 00:06:57]  [%emt 00:00:09]}
6... b6 {[%clk 00:06:57]} 7. Qd2 {[%clk 00:06:57]} 7... h6 {
[%clk 00:06:55]  [%emt 00:00:08]} 8. f4 {[%clk 00:06:49]  [%emt 00:00:05]} 8...
Nf6 {[%clk 00:06:49]  [%emt 00:00:08]} 9. Nf3 {[%clk 00:06:48]} 9... Ng4 {
[%clk 00:06:21]  [%emt 00:00:38]} 10. Bg1 {[%clk 00:06:49]} 10... Bd4 {
[%clk 00:05:46]  [%emt 00:00:37]} 11. h3 {[%clk 00:06:39]  [%emt 00:00:13]}
11... Bxg1 {[%clk 00:05:28]  [%emt 00:00:26]} 12. Rxg1 {[%clk 00:06:40]} 12...
Nf6 {[%clk 00:05:30]  [%emt 00:00:08]} 13. O-O-O {[%clk 00:06:35]} 13... Be6 {
[%clk 00:05:29]  [%emt 00:00:05]} 14. g4 {[%clk 00:06:32]  [%emt 00:00:05]}
14... Qc7 {[%clk 00:05:19]  [%emt 00:00:11]} 15. f5 {
[%clk 00:05:52]  [%emt 00:00:53]} 15... Bd7 {[%clk 00:05:21]} 16. Rge1 {
[%clk 00:05:31]  [%emt 00:00:14]} 16... O-O-O {[%clk 00:05:14]  [%emt 00:00:11]
} 17. Qf2 {[%clk 00:05:04]  [%emt 00:00:29]} 17... Kb8 {
[%clk 00:04:41]  [%emt 00:00:36]} 18. Kb1 {[%clk 00:04:30]  [%emt 00:00:37]}
18... Bc8 {[%clk 00:04:37]  [%emt 00:00:08]} 19. a3 {
[%clk 00:04:23]  [%emt 00:00:10]} 19... Ka8 {[%clk 00:04:07]  [%emt 00:00:37]}
20. Rf1 {[%clk 00:04:17]  [%emt 00:00:05]} 20... Bb7 {
[%clk 00:03:38]  [%emt 00:00:35]} 21. Rde1 {[%clk 00:04:14]  [%emt 00:00:06]}
21... g5 {[%clk 00:03:20]  [%emt 00:00:18]} 22. Rg1 {
[%clk 00:04:00]  [%emt 00:00:16]} 22... Ba6 {[%clk 00:02:50]  [%emt 00:00:35]}
23. Nd2 {[%clk 00:03:53]  [%emt 00:00:08]} 23... Nd7 {
[%clk 00:02:44]  [%emt 00:00:10]} 24. e5 {[%clk 00:03:23]  [%emt 00:00:35]}
24... Rhe8 {[%clk 00:02:10]  [%emt 00:00:35]} 25. e6 {
[%clk 00:03:23]  [%emt 00:00:06]} 25... fxe6 {[%clk 00:02:11]} 26. Rxe6 {
[%clk 00:03:24]  [%emt 00:00:04]} 26... Nf6 {[%clk 00:01:53]  [%emt 00:00:27]}
27. Qe2 {[%clk 00:03:16]  [%emt 00:00:05]} 27... Bc8 {
[%clk 00:01:51]  [%emt 00:00:05]} 28. Re5 {[%clk 00:03:15]  [%emt 00:00:08]}
28... Nd5 {[%clk 00:01:48]} 29. Nxd5 {[%clk 00:03:13]  [%emt 00:00:04]} 29...
cxd5 {[%clk 00:01:50]} 30. Re1 {[%clk 00:03:14]  [%emt 00:00:05]} 30... e6 {
[%clk 00:01:40]  [%emt 00:00:11]} 31. fxe6 {[%clk 00:02:50]  [%emt 00:00:30]}
31... Re7 {[%clk 00:01:42]} 32. Qf3 {[%clk 00:02:43]  [%emt 00:00:07]} 32...
Bb7 {[%emt 00:00:11]} 33. Qf6 {[%clk 00:02:26]  [%emt 00:00:10]} 33... Rde8 {
[%clk 00:01:32]  [%emt 00:00:16]} 34. Qxh6 {[%clk 00:02:23]  [%emt 00:00:05]}
34... c4 {[%clk 00:01:34]} 35. Qxg5 {[%clk 00:02:14]  [%emt 00:00:14]} 35... c3
{[%clk 00:01:31]  [%emt 00:00:05]} 36. Nb3 {[%clk 00:02:13]  [%emt 00:00:06]}
36... cxb2 {[%clk 00:01:33]  [%emt 00:00:09]} 37. Kxb2 {[%clk 00:02:12]} 37...
Rc8 {[%clk 00:01:30]} 38. Qd2 {[%clk 00:02:12]  [%emt 00:00:09]} 38... a5 {
[%clk 00:01:28]} 39. Nd4 {[%clk 00:02:08]  [%emt 00:00:05]} 39... Qc5 {
[%clk 00:01:27]  [%emt 00:00:07]} 40. c3 {[%clk 00:02:10]} 40... b5 {
[%clk 00:01:19]  [%emt 00:00:09]} 41. Nb3 {[%clk 00:02:08]  [%emt 00:00:09]}
41... Qc7 {[%clk 00:01:17]  [%emt 00:00:05]} 42. c4 {
[%clk 00:02:02]  [%emt 00:00:06]} 42... a4 {[%clk 00:01:11]  [%emt 00:00:09]}
43. Qa5+ {[%clk 00:02:01]  [%emt 00:00:06]} 43... Qxa5 {
[%clk 00:01:12]  [%emt 00:00:06]} 44. Nxa5 {[%clk 00:02:04]} 44... bxc4 {
[%clk 00:01:12]} 45. dxc4 {[%clk 00:02:05]} 45... dxc4 {
[%clk 00:01:07]  [%emt 00:00:09]} 46. Kc3 {[%clk 00:02:02]  [%emt 00:00:04]}
46... Ba6 {[%clk 00:01:00]  [%emt 00:00:18]} 47. Rd1 {[%clk 00:01:59]} 47...
Rh8 {[%clk 00:00:49]  [%emt 00:00:11]} 48. Re3 {
[%clk 00:01:59]  [%emt 00:00:06]} 48... Rh6 {[%clk 00:00:45]  [%emt 00:00:06]}
49. Rd6 {[%clk 00:02:00]} 49... Bc8 {[%clk 00:00:38]  [%emt 00:00:11]} 50. Rd8
{[%clk 00:01:55]  [%emt 00:00:09]} 50... Kb8 {[%clk 00:00:35]  [%emt 00:00:06]}
51. Nc6+ {[%clk 00:01:57]} 51... Kc7 {[%clk 00:00:37]} 52. Rxc8+ {
[%clk 00:01:57]  [%emt 00:00:08]} 1-0

[Event "VII Obert Internacional Alberic"]
[Site "Alberic, Spain"]
[Date "2019.06.29"]
[Round "2.3"]
[White "Costa Grau, Adrian"]
[Black "Diaz Velandia, Jose Manuel"]
[Result "0-1"]
[WhiteElo "2001"]
[BlackElo "2372"]
[PlyCount "42"]
[EventDate "2019.??.??"]

1. e4 {[%clk 00:07:04]  [%emt 00:00:03]} 1... c6 {[%clk 00:07:05]} 2. Nc3 {
[%clk 00:07:02]  [%emt 00:00:06]} 2... d5 {[%clk 00:07:07]} 3. d4 {
[%clk 00:07:03]  [%emt 00:00:05]} 3... dxe4 {[%clk 00:07:08]} 4. Nxe4 {
[%clk 00:07:03]  [%emt 00:00:14]} 4... Nf6 {[%clk 00:07:09]} 5. Nxf6+ {
[%clk 00:06:58]} 5... exf6 {[%clk 00:07:08]  [%emt 00:00:04]} 6. Ne2 {
[%clk 00:06:55]  [%emt 00:00:05]} 6... Bd6 {[%clk 00:07:09]  [%emt 00:00:08]}
7. g3 {[%clk 00:05:57]  [%emt 00:00:58]} 7... O-O {[%clk 00:07:09]} 8. Bg2 {
[%clk 00:05:57]} 8... Bg4 {[%clk 00:07:10]  [%emt 00:00:29]} 9. Be3 {
[%clk 00:05:52]  [%emt 00:00:03]} 9... Nd7 {[%clk 00:07:03]} 10. Qd2 {
[%clk 00:05:31]  [%emt 00:00:12]} 10... Nb6 {[%clk 00:06:58]  [%emt 00:00:09]}
11. b3 {[%clk 00:05:16]  [%emt 00:00:17]} 11... Re8 {
[%clk 00:06:45]  [%emt 00:00:16]} 12. O-O {[%clk 00:05:10]  [%emt 00:00:35]}
12... Nd5 {[%clk 00:06:32]  [%emt 00:00:03]} 13. c4 {
[%clk 00:04:59]  [%emt 00:00:04]} 13... Bb4 {[%clk 00:06:30]  [%emt 00:00:17]}
14. Qd3 {[%clk 00:04:52]} 14... Nxe3 {[%clk 00:06:30]  [%emt 00:00:08]} 15.
fxe3 {[%clk 00:04:51]  [%emt 00:00:03]} 15... Bxe2 {[%clk 00:06:31]} 16. Qxe2 {
[%clk 00:04:39]  [%emt 00:00:09]} 16... Qxd4 {[%clk 00:06:29]  [%emt 00:00:15]}
17. exd4 {[%clk 00:03:53]  [%emt 00:00:40]} 17... Rxe2 {
[%clk 00:06:29]  [%emt 00:00:03]} 18. Rf3 {[%clk 00:03:37]  [%emt 00:00:26]}
18... Rd2 {[%clk 00:06:10]  [%emt 00:00:13]} 19. a3 {
[%clk 00:03:15]  [%emt 00:00:28]} 19... Ba5 {[%clk 00:06:05]  [%emt 00:00:05]}
20. Rf4 {[%clk 00:03:07]  [%emt 00:00:12]} 20... Bc3 {
[%clk 00:05:31]  [%emt 00:00:51]} 21. Re1 {[%clk 00:02:56]  [%emt 00:00:03]}
21... Rxg2+ {[%clk 00:05:29]  [%emt 00:00:04]} 0-1

[Event "VII Obert Internacional Alberic"]
[Site "Alberic, Spain"]
[Date "2019.06.29"]
[Round "2.4"]
[White "Granero Roca, Antonio"]
[Black "Martinez Villena, David"]
[Result "1-0"]
[WhiteElo "2370"]
[BlackElo "2029"]
[PlyCount "107"]
[EventDate "2019.??.??"]

1. d4 {[%clk 00:07:03]} 1... Nf6 {[%clk 00:07:05]  [%emt 00:00:03]} 2. c4 {
[%clk 00:07:05]} 2... e6 {[%clk 00:07:06]  [%emt 00:00:05]} 3. Nf3 {
[%clk 00:07:06]} 3... b6 {[%clk 00:07:06]} 4. g3 {
[%clk 00:07:06]  [%emt 00:00:04]} 4... Bb7 {[%clk 00:07:07]  [%emt 00:00:04]}
5. Bg2 {[%clk 00:07:07]} 5... Be7 {[%clk 00:07:07]  [%emt 00:00:04]} 6. O-O {
[%clk 00:07:08]} 6... O-O {[%clk 00:07:06]  [%emt 00:00:12]} 7. Nc3 {
[%clk 00:07:08]} 7... Ne4 {[%clk 00:07:07]} 8. Bd2 {[%clk 00:07:08]} 8... Nxd2
{[%clk 00:07:04]  [%emt 00:00:07]} 9. Qxd2 {[%clk 00:07:09]  [%emt 00:00:04]}
9... d6 {[%clk 00:07:03]  [%emt 00:00:11]} 10. e4 {[%clk 00:07:07]} 10... Nd7 {
[%clk 00:07:01]} 11. Rfe1 {[%clk 00:07:04]  [%emt 00:00:28]} 11... c5 {
[%clk 00:06:59]} 12. d5 {[%clk 00:07:03]} 12... e5 {[%clk 00:06:59]} 13. h3 {
[%clk 00:06:40]  [%emt 00:00:24]} 13... g6 {[%clk 00:06:44]  [%emt 00:00:39]}
14. Nh2 {[%clk 00:06:07]  [%emt 00:00:23]} 14... Bg5 {[%clk 00:06:38]} 15. Qc2
{[%clk 00:06:01]  [%emt 00:00:04]} 15... h5 {[%clk 00:06:13]  [%emt 00:00:24]}
16. h4 {[%clk 00:05:52]  [%emt 00:00:36]} 16... Bh6 {
[%clk 00:06:14]  [%emt 00:00:03]} 17. a3 {[%clk 00:05:37]} 17... Rc8 {
[%clk 00:05:32]  [%emt 00:00:55]} 18. Nb5 {[%clk 00:05:31]  [%emt 00:00:13]}
18... Nf6 {[%clk 00:05:12]  [%emt 00:00:05]} 19. Nxa7 {
[%clk 00:05:29]  [%emt 00:00:06]} 19... Ra8 {[%clk 00:05:04]  [%emt 00:00:07]}
20. Nb5 {[%clk 00:05:30]  [%emt 00:00:10]} 20... Bc8 {
[%clk 00:04:23]  [%emt 00:00:35]} 21. Nc3 {[%clk 00:05:25]  [%emt 00:00:11]}
21... Bd7 {[%clk 00:04:11]  [%emt 00:00:25]} 22. b4 {
[%clk 00:05:15]  [%emt 00:00:13]} 22... Qc8 {[%clk 00:03:10]  [%emt 00:00:51]}
23. Qb3 {[%clk 00:05:09]  [%emt 00:00:10]} 23... Kh7 {
[%clk 00:03:02]  [%emt 00:00:53]} 24. Reb1 {[%clk 00:04:54]  [%emt 00:00:04]}
24... Qa6 {[%clk 00:01:21]  [%emt 00:01:19]} 25. Bf1 {
[%clk 00:04:44]  [%emt 00:00:10]} 25... Bd2 {[%clk 00:01:15]  [%emt 00:00:27]}
26. Bd3 {[%clk 00:04:33]  [%emt 00:00:06]} 26... Ng4 {
[%clk 00:00:32]  [%emt 00:00:36]} 27. Qc2 {[%clk 00:04:21]  [%emt 00:00:19]}
27... Bh6 {[%clk 00:00:29]  [%emt 00:00:19]} 28. Nb5 {
[%clk 00:04:06]  [%emt 00:00:24]} 28... Bxb5 {[%clk 00:00:25]} 29. cxb5 {
[%clk 00:04:08]} 29... Qa7 {[%clk 00:00:22]} 30. bxc5 {
[%clk 00:04:07]  [%emt 00:00:04]} 30... dxc5 {[%clk 00:00:23]} 31. Nxg4 {
[%clk 00:03:56]  [%emt 00:00:19]} 31... hxg4 {[%clk 00:00:25]} 32. Qe2 {
[%clk 00:03:52]} 32... Qd7 {[%clk 00:00:26]  [%emt 00:00:20]} 33. a4 {
[%clk 00:03:53]} 33... Ra7 {[%clk 00:00:20]  [%emt 00:00:06]} 34. Kg2 {
[%clk 00:03:49]} 34... Rfa8 {[%clk 00:00:21]} 35. Bc2 {[%clk 00:03:46]} 35...
Ra5 {[%clk 00:00:16]  [%emt 00:00:07]} 36. Rh1 {
[%clk 00:03:29]  [%emt 00:00:27]} 36... Kg7 {[%clk 00:00:06]  [%emt 00:00:04]}
37. h5 {[%clk 00:03:29]  [%emt 00:00:04]} 37... Bg5 {
[%clk 00:00:07]  [%emt 00:00:07]} 38. hxg6 {[%clk 00:03:27]  [%emt 00:00:10]}
38... fxg6 {[%clk 00:00:09]} 39. Rad1 {[%clk 00:03:18]  [%emt 00:00:04]} 39...
Rf8 {[%clk 00:00:10]  [%emt 00:00:09]} 40. Rd3 {
[%clk 00:03:09]  [%emt 00:00:04]} 40... Raa8 {[%clk 00:00:11]  [%emt 00:00:07]}
41. Bd1 {[%clk 00:03:04]  [%emt 00:00:04]} 41... Rf6 {
[%clk 00:00:06]  [%emt 00:00:11]} 42. Qxg4 {[%clk 00:02:36]  [%emt 00:00:25]}
42... Qxg4 {[%clk 00:00:07]  [%emt 00:00:10]} 43. Bxg4 {[%clk 00:02:38]} 43...
Rxa4 {[%clk 00:00:09]} 44. d6 {[%clk 00:02:37]} 44... Rf8 {[%clk 00:00:09]} 45.
Re1 {[%clk 00:02:01]  [%emt 00:01:15]} 45... Ra2 {[%clk 00:00:11]} 46. Re2 {
[%clk 00:02:01]} 46... Rxe2 {[%clk 00:00:12]} 47. Bxe2 {[%clk 00:02:03]} 47...
Rd8 {[%clk 00:00:09]} 48. Rd5 {[%clk 00:01:58]} 48... Kf6 {[%clk 00:00:09]} 49.
Bc4 {[%clk 00:01:55]  [%emt 00:00:10]} 49... Bh6 {[%clk 00:00:07]} 50. Kf3 {
[%clk 00:01:53]} 50... Bf8 {[%clk 00:00:08]} 51. d7 {
[%clk 00:01:55]  [%emt 00:00:04]} 51... Bg7 {[%clk 00:00:08]  [%emt 00:00:03]}
52. Rd6+ {[%clk 00:01:49]  [%emt 00:00:08]} 52... Kg5 {
[%clk 00:00:06]  [%emt 00:00:07]} 53. Bf7 {[%clk 00:01:19]  [%emt 00:00:26]}
53... Rf8 {[%clk 00:00:06]  [%emt 00:00:19]} 54. Rxg6+ {
[%clk 00:00:58]  [%emt 00:00:09]} 1-0

[Event "VII Obert Internacional Alberic"]
[Site "Alberic, Spain"]
[Date "2019.06.29"]
[Round "2.5"]
[White "Bru Company, Francesc E"]
[Black "Fenollar Jorda, Manuel"]
[Result "0-1"]
[WhiteElo "1890"]
[BlackElo "2345"]
[PlyCount "116"]
[EventDate "2019.??.??"]

1. Nf3 {[%clk 00:07:03]} 1... d5 {[%clk 00:07:04]  [%emt 00:00:03]} 2. d4 {
[%clk 00:07:04]} 2... Nf6 {[%clk 00:07:05]} 3. Bf4 {[%clk 00:07:05]} 3... c5 {
[%clk 00:07:06]} 4. e3 {[%clk 00:07:06]} 4... Nc6 {[%clk 00:07:05]} 5. c3 {
[%clk 00:07:06]} 5... Qb6 {[%clk 00:06:53]  [%emt 00:00:18]} 6. Qb3 {
[%clk 00:06:50]  [%emt 00:00:09]} 6... c4 {[%clk 00:06:54]  [%emt 00:00:04]} 7.
Qxb6 {[%clk 00:06:43]  [%emt 00:00:18]} 7... axb6 {[%clk 00:06:55]} 8. Nbd2 {
[%clk 00:06:41]} 8... Bf5 {[%clk 00:06:49]  [%emt 00:00:08]} 9. Be2 {
[%clk 00:06:34]  [%emt 00:00:17]} 9... b5 {[%clk 00:06:49]} 10. O-O {
[%clk 00:06:21]  [%emt 00:00:12]} 10... b4 {[%clk 00:06:31]  [%emt 00:00:17]}
11. Rfc1 {[%clk 00:05:52]  [%emt 00:00:31]} 11... e6 {
[%clk 00:05:59]  [%emt 00:00:47]} 12. Ne5 {[%clk 00:05:04]  [%emt 00:00:41]}
12... bxc3 {[%clk 00:05:33]  [%emt 00:00:29]} 13. bxc3 {
[%clk 00:04:58]  [%emt 00:01:00]} 13... Ba3 {[%clk 00:05:34]} 14. Rf1 {
[%clk 00:03:58]  [%emt 00:00:38]} 14... Nxe5 {[%clk 00:05:16]  [%emt 00:00:11]}
15. dxe5 {[%clk 00:02:04]  [%emt 00:01:42]} 15... Ne4 {
[%clk 00:04:13]  [%emt 00:01:09]} 16. Nxe4 {[%clk 00:01:46]  [%emt 00:00:43]}
16... Bxe4 {[%clk 00:04:13]  [%emt 00:00:04]} 17. f3 {[%clk 00:01:46]} 17...
Bc2 {[%clk 00:03:48]  [%emt 00:00:06]} 18. e4 {[%clk 00:00:31]  [%emt 00:01:20]
} 18... Bb2 {[%clk 00:03:42]  [%emt 00:00:09]} 19. exd5 {
[%clk 00:00:17]  [%emt 00:00:17]} 19... exd5 {[%clk 00:03:26]  [%emt 00:00:16]}
20. Bd2 {[%clk 00:00:10]  [%emt 00:00:22]} 20... Bxa1 {
[%clk 00:03:05]  [%emt 00:00:12]} 21. Rxa1 {[%clk 00:00:11]  [%emt 00:00:35]}
21... Bb3 {[%clk 00:03:02]} 22. a3 {[%clk 00:00:11]} 22... O-O {[%emt 00:00:04]
} 23. Kf2 f6 {[%clk 00:01:53]  [%emt 00:00:49]} 24. exf6 {
[%clk 00:00:15]  [%emt 00:00:07]} 24... Rxf6 {[%clk 00:01:55]} 25. Be3 {
[%clk 00:00:17]} 25... Re6 {[%clk 00:01:49]  [%emt 00:00:11]} 26. Bc5 {
[%clk 00:00:07]  [%emt 00:00:08]} 26... Rae8 {[%clk 00:01:49]  [%emt 00:00:04]}
27. Bf1 {[%clk 00:00:07]  [%emt 00:00:03]} 27... b6 {
[%clk 00:01:37]  [%emt 00:00:15]} 28. Bd4 {[%clk 00:00:09]  [%emt 00:00:04]}
28... b5 {[%clk 00:01:36]  [%emt 00:00:03]} 29. g4 {[%clk 00:00:10]} 29... Bc2
{[%clk 00:01:23]  [%emt 00:00:17]} 30. h4 {[%clk 00:00:12]} 30... Bd3 {
[%clk 00:01:22]  [%emt 00:00:04]} 31. Bg2 {[%clk 00:00:13]  [%emt 00:00:04]}
31... Re2+ {[%clk 00:01:23]} 32. Kg3 {[%clk 00:00:15]  [%emt 00:00:05]} 32...
Rc2 {[%clk 00:01:17]  [%emt 00:00:04]} 33. f4 {[%clk 00:00:17]  [%emt 00:00:03]
} 33... Be4 {[%clk 00:01:12]  [%emt 00:00:14]} 34. Bf1 {[%clk 00:00:18]} 34...
h5 {[%clk 00:00:57]  [%emt 00:00:15]} 35. gxh5 {
[%clk 00:00:17]  [%emt 00:00:20]} 35... Kf7 {[%clk 00:00:59]} 36. Kg4 {
[%clk 00:00:16]} 36... Bg2 {[%clk 00:00:53]} 37. Kg3 {
[%clk 00:00:11]  [%emt 00:00:05]} 37... Bxf1 {[%clk 00:00:51]  [%emt 00:00:08]}
38. Rxf1 {[%clk 00:00:12]  [%emt 00:00:03]} 38... Ree2 {[%clk 00:00:51]} 39.
Kg4 {[%clk 00:00:12]} 39... Rh2 {[%clk 00:00:30]  [%emt 00:00:22]} 40. Kf5 {
[%emt 00:00:20]} 40... Rxh4 {[%clk 00:00:24]} 41. Rg1 {
[%clk 00:00:09]  [%emt 00:00:04]} 41... Rxh5+ {[%clk 00:00:25]} 42. Kg4 {
[%clk 00:00:09]  [%emt 00:00:07]} 42... Rh6 {[%clk 00:00:23]} 43. Re1 {
[%clk 00:00:06]  [%emt 00:00:06]} 43... Rg2+ {[%clk 00:00:19]  [%emt 00:00:10]}
44. Kf3 {[%clk 00:00:08]} 44... Rhg6 {[%clk 00:00:21]  [%emt 00:00:03]} 45. Bf2
{[%clk 00:00:05]  [%emt 00:00:03]} 45... Rh2 {[%clk 00:00:15]  [%emt 00:00:05]}
46. Re5 {[%clk 00:00:07]  [%emt 00:00:13]} 46... Rh3+ {[%clk 00:00:16]} 47. Ke2
{[%clk 00:00:09]} 47... Rxc3 {[%clk 00:00:16]} 48. Rxd5 {
[%clk 00:00:10]  [%emt 00:00:04]} 48... Rb3 {[%clk 00:00:18]} 49. f5 {
[%clk 00:00:09]  [%emt 00:00:18]} 49... Rg2 {[%clk 00:00:20]} 50. Kf1 {
[%clk 00:00:11]} 50... Rh2 {[%clk 00:00:22]} 51. Kg1 {
[%clk 00:00:12]  [%emt 00:00:03]} 51... Rh5 {[%clk 00:00:23]} 52. Rd7+ {
[%clk 00:00:14]} 52... Kf6 {[%clk 00:00:23]} 53. Rd6+ {[%clk 00:00:14]} 53...
Kxf5 {[%clk 00:00:24]} 54. Rd5+ {[%clk 00:00:16]} 54... Kg4 {
[%clk 00:00:26]  [%emt 00:00:07]} 55. Rd4+ {[%clk 00:00:17]} 55... Kf3 {
[%clk 00:00:27]} 56. Rd1 {[%clk 00:00:16]} 56... Rg5+ {[%clk 00:00:29]} 57. Kf1
{[%clk 00:00:18]} 57... Rb2 {[%clk 00:00:29]  [%emt 00:00:12]} 58. Re1 {
[%clk 00:00:19]  [%emt 00:00:07]} 58... Rxf2# 0-1

[Event "VII Obert Internacional Alberic"]
[Site "Alberic, Spain"]
[Date "2019.06.29"]
[Round "2.6"]
[White "Gimeno Valle, Carlos"]
[Black "Garcia, Jhoel"]
[Result "0-1"]
[WhiteElo "1809"]
[BlackElo "2290"]
[PlyCount "63"]
[EventDate "2019.??.??"]

1. e4 {[%clk 00:07:05]  [%emt 00:00:05]} 1... c5 {[%clk 00:07:04]} 2. Nc3 {
[%clk 00:07:06]} 2... Nc6 {[%clk 00:07:04]  [%emt 00:00:54]} 3. d3 {
[%clk 00:07:08]} 3... g6 {[%clk 00:07:02]} 4. g3 {[%clk 00:07:10]} 4... Bg7 {
[%clk 00:07:02]} 5. Bg2 {[%clk 00:07:11]} 5... d6 {[%clk 00:06:59]} 6. f4 {
[%clk 00:07:07]} 6... e6 {[%clk 00:07:01]} 7. Nf3 {[%clk 00:07:05]} 7... Nge7 {
[%clk 00:07:03]} 8. O-O {[%clk 00:07:06]} 8... O-O {[%clk 00:07:00]} 9. Ne2 {
[%clk 00:07:08]} 9... f5 {[%clk 00:06:35]  [%emt 00:00:20]} 10. c3 {
[%clk 00:06:56]  [%emt 00:00:18]} 10... b5 {[%clk 00:06:36]  [%emt 00:00:07]}
11. a3 {[%clk 00:06:26]  [%emt 00:00:24]} 11... Rb8 {
[%clk 00:06:29]  [%emt 00:00:53]} 12. b4 {[%clk 00:06:08]  [%emt 00:00:03]}
12... cxb4 {[%clk 00:05:36]  [%emt 00:00:32]} 13. Qb3 {
[%clk 00:05:49]  [%emt 00:00:22]} 13... bxc3 {[%clk 00:05:31]  [%emt 00:00:14]}
14. Nxc3 {[%clk 00:05:46]  [%emt 00:00:20]} 14... a5 {
[%clk 00:04:34]  [%emt 00:01:04]} 15. Ra2 {[%clk 00:05:24]  [%emt 00:00:07]}
15... b4 {[%clk 00:04:25]  [%emt 00:00:06]} 16. Ne2 {
[%clk 00:04:39]  [%emt 00:00:49]} 16... Qb6+ {[%clk 00:04:11]  [%emt 00:00:16]}
17. Kh1 {[%clk 00:04:35]  [%emt 00:00:35]} 17... a4 {[%clk 00:03:59]} 18. Qxa4
{[%clk 00:03:55]  [%emt 00:00:30]} 18... b3 {[%clk 00:04:00]  [%emt 00:00:24]}
19. Rb2 {[%clk 00:03:18]  [%emt 00:00:20]} 19... Bxb2 {
[%clk 00:03:57]  [%emt 00:00:16]} 20. Bxb2 {[%clk 00:03:20]} 20... Qb5 {
[%clk 00:03:57]} 21. Qxb5 {[%clk 00:02:57]  [%emt 00:00:33]} 21... Rxb5 {
[%clk 00:03:59]} 22. Nfd4 {[%clk 00:02:58]} 22... Nxd4 {
[%clk 00:03:46]  [%emt 00:00:07]} 23. Nxd4 {[%clk 00:02:59]  [%emt 00:00:04]}
23... Rb8 {[%clk 00:03:48]} 24. Rc1 {[%clk 00:02:38]  [%emt 00:00:20]} 24...
fxe4 {[%clk 00:03:17]  [%emt 00:00:36]} 25. dxe4 {
[%clk 00:02:23]  [%emt 00:00:15]} 25... e5 {[%clk 00:03:11]  [%emt 00:00:33]}
26. fxe5 {[%clk 00:02:14]} 26... dxe5 {[%clk 00:03:13]} 27. Nf3 {
[%clk 00:02:11]} 27... Be6 {[%clk 00:03:07]  [%emt 00:00:31]} 28. Rc7 {
[%clk 00:01:42]  [%emt 00:00:10]} 28... Rfe8 {[%clk 00:03:04]  [%emt 00:00:15]}
29. Ng5 {[%clk 00:01:10]  [%emt 00:00:22]} 29... Bf7 {
[%clk 00:02:32]  [%emt 00:00:36]} 30. Bh3 {[%clk 00:01:11]  [%emt 00:00:04]}
30... h6 {[%clk 00:02:18]  [%emt 00:00:17]} 31. Ne6 {
[%clk 00:00:37]  [%emt 00:00:42]} 31... Rbc8 {[%clk 00:02:09]  [%emt 00:00:11]}
32. Bxe5 {[%clk 00:00:13]  [%emt 00:00:20]} 0-1